Statistics for I give team, you give city. (Asia, easy)

Click here to take the quiz!

General Stats

  • This quiz has been taken 19 times
  • The average score is 10 of 20

Answer Stats

TeamCity% Correct
Pakistan Air Force FCIslamabad
94%
ChennaiyinChennai
89%
Oman ClubMuscat
83%
Persepolis FCTehran
83%
Perserikatan Sepakbola IndonesiaJakarta
78%
National Bank of Pakistan FCKarachi
78%
Electricite du CambodgePhnom Penh
78%
Al-Hilal FCRiyadh
78%
Port FCBangkok
56%
DPMM (His Royal Highness the Crown Prince of Brunei FC)Bandar Seri Begawan
50%
SIPGShanghai
44%
Al-Quwa Al-JawiyaBaghdad
28%
Pakistan Army FCRawalpindi
28%
Johor Darul Ta'zimJohor Bahru
22%
Angkor TigerSiem Reap
22%
Qadsia SCKuwait City
17%
FC RyukyuOkinawa
17%
Melaka UnitedMalacca City
6%
Taipower FCKaohsiung
0%
Henan JianyeZhengzhou
0%

Score Distribution

Percentile by Number Answered

Percent of People with Each Score

Your Score History

You have not taken this quiz